Dobré základy ovociu a zelenine Hovoríme s generálnym riaditeľom Semexu Ing. Andrejom Miklóšom

Bibliographic Details
Main Authors: Miklóš, Andrej (Author), Lisal, Martin (Author)
Format: Article
Language:Slovak
Subjects:

MARC

LEADER 00000nab a2200000 a 4500
001 vtls000141168
003 SK-MaSNL
005 20260303030111.0
008 111104c1983 xo 0 slo
015 |a SNBRB19rr/mm-uuuuu 
035 |a CL0151274 
040 |a SNKBUCL  |b slo  |c SNKBUCL  |e AACR2 
041 0 |a slo 
044 |a xo  |c SK 
080 |a 631.53.02  |2 1981 
100 1 |a Miklóš, Andrej  |4 aut  |9 957989 
245 1 0 |a Dobré základy ovociu a zelenine  |b Hovoríme s generálnym riaditeľom Semexu Ing. Andrejom Miklóšom  |c Andrej Miklóš, Martin Lisal 
650 0 7 |a semenárstvo  |2 snkbucl  |9 22375 
650 0 7 |a Semex, o.p. Bratislava  |2 snkbucl  |9 1011056 
651 7 |a 5100  |2 snkbucl  |9 166206 
655 7 |a články z novín a časopisov  |2 snkbucl  |9 267496 
700 1 |a Lisal, Martin  |4 aut  |9 679095 
773 0 |t Roľnícke noviny  |g Roč. 38, č. 46 (24. 2. 1983), s. 3 
850 |a Slovenská národná knižnica v Martine  |a MTA001 
852 |a SNK  |b KIS3GCP 
958 |a RK 
992 |a RBX 
999 |c 1650321  |d 1652251